Who buys new homes in London and why? (Record no. 115127)

MARC details
000 -LEADER
fixed length control field 01181cam a22001935a 4500
001 - CONTROL NUMBER
control field L158078
008 - FIXED-LENGTH DATA ELEMENTS--GENERAL INFORMATION
fixed length control field 140409s2014 xxk f 000 0 eng d
035 ## - SYSTEM CONTROL NUMBER
System control number (Sirsi) u158078
041 0# - LANGUAGE CODE
Language code of text/sound track or separate title eng
110 2# - MAIN ENTRY--CORPORATE NAME
Corporate name or jurisdiction name as entry element British Property Federation
9 (RLIN) 1604
245 00 - TITLE STATEMENT
Title Who buys new homes in London and why?
Medium [electronic resource]
260 ## - PUBLICATION, DISTRIBUTION, ETC.
Place of publication, distribution, etc. London
Date of publication, distribution, etc. BPF
Name of publisher, distributor, etc. 2014
520 ## - SUMMARY, ETC.
Summary, etc. Presents the results of research profiling the background of the types of individuals who are investing in the new homes market in London. Nearly 48% are buy to let investors and 32% owner-occupiers, 5% Buy to Sell investors (speculators) and 8% Build to Let investors. 15% of individuals buying new homes are from overseas and are responsible for 49% of sales in Prime Central London. The undersupply of available housing and affordability issues area are a barrier for many trying to get onto the property ladder in London.
590 ## - LOCAL NOTE (RLIN)
Local note KA
651 #4 - SUBJECT ADDED ENTRY--GEOGRAPHIC NAME
Geographic name England and Wales
Chronological subdivision 1543-
690 ## - LOCAL SUBJECT ADDED ENTRY--TOPICAL TERM (OCLC, RLIN)
Topical term or geographic name as entry element Residential property
9 (RLIN) 6266
856 40 - ELECTRONIC LOCATION AND ACCESS
Uniform Resource Identifier <a href="https://www.bpf.org.uk/sites/default/files/resources/BPF-Who-buys-new-homes-in-London-and-why.pdf">https://www.bpf.org.uk/sites/default/files/resources/BPF-Who-buys-new-homes-in-London-and-why.pdf</a>
Public note View this item free of charge at www.communities.gov.uk
942 ## - ADDED ENTRY ELEMENTS (KOHA)
Suppress in OPAC 0
Holdings
Withdrawn status Lost status Source of classification or shelving scheme Damaged status Not for loan Home library Current library Shelving location Date acquired Total Checkouts Full call number Barcode Date last seen Copy number Price effective from Koha item type
    Dewey Decimal Classification     London London Online 09/04/2014   ONLINE PUBLICATION 158078-1001 06/08/2019 1 06/08/2019 Book